| 000 | 01489nam a2200241Ia 4500 | ||
|---|---|---|---|
| 999 |
_c51659 _d51659 |
||
| 001 | 18650 | ||
| 003 | GE_BSU | ||
| 005 | 20220919170639.0 | ||
| 008 | 181216s2013||||ge |||||||||||||| ||geo|| | ||
| 040 | _cGE_BSU | ||
| 041 | _ageo | ||
| 080 | _a33 მ-54 | ||
| 100 |
_aმელოიანი - ფუტკარაძე, ლილიტ _911637 |
||
| 245 |
_aსოციალური დაზღვევის როლი მოსახლეობის სოციალური რისკებისაგან დაცვაში : დისერტაცია / _cლილიტ მელოიანი-ფუტკარაძე; სამეცნიერო ხელმძღვანელი ა. ცინცაძე; ბათუმის შოთა რუსთაველის სახ-ფო უნ-ტი. |
||
| 264 |
_aბათუმი, _c2013. |
||
| 300 |
_a246 გვ.; _b30 სმ. |
||
| 653 | _aდისერტაცია | ||
| 653 | _aეკონომიკა | ||
| 653 | _aსოციალური დაზღვევის როლი მოსახლეობის სოციალური რისკებისაგან დაცვაში | ||
| 700 |
_aცინცაძე, ა. _eსამეცნიერო ხელმძღვანელი _911638 |
||
| 710 |
_aბათუმის შოთა რუსთაველის სახ-ფო უნ-ტი _911639 |
||
| 942 |
_cBK _2udc |
||